<?xml version="1.0" encoding="UTF-8"?>
<collection xmlns="http://www.loc.gov/MARC21/slim">
  <record>
    <leader>00000nam  2200000   4500</leader>
    <controlfield tag="001">INLIS000000000013182</controlfield>
    <controlfield tag="005">20220808081623</controlfield>
    <datafield tag="035" ind1="#" ind2="#">
      <subfield code="a">0010-0722000020</subfield>
    </datafield>
    <datafield tag="245" ind1="1" ind2="#">
      <subfield code="a">Membangun Virtual Learning Management Centre Untuk Mewujudkan SDM Kejaksaan yang Profesional dan Kompeten Kejaksaan Agung Republik Indonesia /</subfield>
      <subfield code="c">Dr. Ely Kusumastuti, S.H.,M.Hum.</subfield>
    </datafield>
    <datafield tag="100" ind1=" " ind2="#">
      <subfield code="a">KUSUMASTUTI, Ely</subfield>
    </datafield>
    <datafield tag="250" ind1="#" ind2="#">
      <subfield code="a">1</subfield>
    </datafield>
    <datafield tag="300" ind1="#" ind2="#">
      <subfield code="a">vi, 35 halaman; lampiran :</subfield>
      <subfield code="b">ilustrasi ;</subfield>
      <subfield code="c">30 cm</subfield>
    </datafield>
    <datafield tag="260" ind1="#" ind2="#">
      <subfield code="a">Samarinda :</subfield>
      <subfield code="b">Puslatbang KDOD,</subfield>
      <subfield code="c">2020</subfield>
    </datafield>
    <datafield tag="084" ind1="#" ind2="#">
      <subfield code="a">PKN 278 2020</subfield>
    </datafield>
    <datafield tag="650" ind1="#" ind2="4">
      <subfield code="a">Proyek Perubahan</subfield>
    </datafield>
    <datafield tag="650" ind1="#" ind2="4">
      <subfield code="a">Kepemimpinan Nasional Tingkat II</subfield>
    </datafield>
    <datafield tag="650" ind1="#" ind2="4">
      <subfield code="a">teknologi informasi</subfield>
    </datafield>
    <datafield tag="650" ind1="#" ind2="4">
      <subfield code="a">layanan informasi</subfield>
    </datafield>
    <datafield tag="650" ind1="#" ind2="4">
      <subfield code="a">manajemen database</subfield>
    </datafield>
    <datafield tag="650" ind1="#" ind2="4">
      <subfield code="a">pelatihan pendidik</subfield>
    </datafield>
    <datafield tag="650" ind1="#" ind2="4">
      <subfield code="a">pembelajaran</subfield>
    </datafield>
    <datafield tag="650" ind1="#" ind2="4">
      <subfield code="a">evaluasi kinerja</subfield>
    </datafield>
    <datafield tag="520" ind1="#" ind2="#">
      <subfield code="a">Laporan proyek perubahan ini karena dorongan perkembangan teknologi luar biasa cepat yang luar biasa cepat dan sudah seharusnya dunia pendidikan memanfaatkan perkembangan IT serta teknologi. Proyek perubahan Virtual Learning Management Centre untuk mewujudkan jaksa yang professional dan kompeten bermanfaat untuk efisiensi penyelenggaran kediklatan, efektifitas dan fleksibilitas pembelajaran yang berdampak peningkatan target peserta diklat serta peningkatan jenis diklat dan monitoring dan evaluasi pelaksanaan kediklatan secara real time (on going process)</subfield>
    </datafield>
    <datafield tag="500" ind1="#" ind2="#">
      <subfield code="a">Coach : Ir. Choirul Djamhari, M.Sc.,Ph.D&#13;
Penguji : Dr. Mariman Darto, M.Si&#13;
Mentor : Abdoel Kadiroen S.H.M.H</subfield>
    </datafield>
    <controlfield tag="008">220808################|##########|#|##</controlfield>
    <datafield tag="990" ind1="#" ind2="#">
      <subfield code="a">PKN/278/2020</subfield>
    </datafield>
  </record>
</collection>
